Southville International School and Colleges
Your cart is empty.
  • Cart
  • Lists
    Public lists list_1 View all
    Your lists Log in to create your own lists
  • Log in to your account
  • Your cookies
  • Search history
Southville International School and Colleges
  • Advanced search
  • Recent comments
  • Most popular
  • Libraries

Log in to your account

Log in with GOOGLE


If you do not have an external account, but do have a local account, you can still log in:

  1. Home
  2. MARC view: The power of ethical management /
Normal view MARC view ISBD view

The power of ethical management / (Record no. 300484)

[ view plain ]
MARC details
000 -LEADER
fixed length control field 00972pam a2200289 a 4500
001 - CONTROL NUMBER
control field 3841172
003 - CONTROL NUMBER IDENTIFIER
control field PILC
005 - DATE AND TIME OF LATEST TRANSACTION
control field 20160811162933.0
008 - FIXED-LENGTH DATA ELEMENTS--GENERAL INFORMATION
fixed length control field 870810s1988 nyu 000 0 eng
010 ## - LIBRARY OF CONGRESS CONTROL NUMBER
LC control number 87024210
020 ## - INTERNATIONAL STANDARD BOOK NUMBER
International Standard Book Number 0688070620
040 ## - CATALOGING SOURCE
Original cataloging agency DLC
Transcribing agency DLC
Modifying agency DLC
050 00 - LIBRARY OF CONGRESS CALL NUMBER
Classification number HF 5387
Item number .B56 1988
082 00 - DEWEY DECIMAL CLASSIFICATION NUMBER
Classification number 174/.4
100 1# - MAIN ENTRY--PERSONAL NAME
Personal name Blanchard, Kenneth H.
245 14 - TITLE STATEMENT
Title The power of ethical management /
Statement of responsibility, etc Kenneth Blanchard, Norman Vincent Peale.
250 ## - EDITION STATEMENT
Edition statement 1st edition.
260 ## - PUBLICATION, DISTRIBUTION, ETC. (IMPRINT)
Place of publication, distribution, etc New York :
Name of publisher, distributor, etc W. Morrow,
Date of publication, distribution, etc 1988.
300 ## - PHYSICAL DESCRIPTION
Extent 139 pages ;
Dimensions 22 cm.
650 #0 - SUBJECT ADDED ENTRY--TOPICAL TERM
Topical term or geographic name as entry element Business ethics.
650 #0 - SUBJECT ADDED ENTRY--TOPICAL TERM
Topical term or geographic name as entry element Conduct of life.
700 1# - ADDED ENTRY--PERSONAL NAME
Personal name Peale, Norman Vincent,
Dates associated with a name 1898-1993.
856 42 - ELECTRONIC LOCATION AND ACCESS
Materials specified Publisher description
Uniform Resource Identifier <a href="http://www.loc.gov/catdir/description/hc044/87024210.html">http://www.loc.gov/catdir/description/hc044/87024210.html</a>
856 42 - ELECTRONIC LOCATION AND ACCESS
Materials specified Contributor biographical information
Uniform Resource Identifier <a href="http://www.loc.gov/catdir/enhancements/fy0912/87024210-b.html">http://www.loc.gov/catdir/enhancements/fy0912/87024210-b.html</a>
906 ## - LOCAL DATA ELEMENT F, LDF (RLIN)
a 7
b cbc
c orignew
d 1
e ocip
f 19
g y-gencatlg
942 ## - ADDED ENTRY ELEMENTS (KOHA)
Source of classification or shelving scheme Library of Congress Classification
Koha item type Books
Holdings
Withdrawn status Lost status Source of classification or shelving scheme Damaged status Home library Current library Shelving location Date acquired Source of acquisition Total Checkouts Full call number Barcode Date last seen Price effective from Koha item type
    Library of Congress Classification   College Library College Library General Circulation Section 08/11/2016 Donation   HF 5387 .B56 1988 C20662 05/15/2018 08/11/2016 Books

The power of ethical management /

APA

Blanchard K. H., Peale N. V., . (1988). The power of ethical management. New York: W. Morrow.

Chicago

Blanchard Kenneth H, Peale Norman Vincent, . 1988. The power of ethical management. New York: W. Morrow.

Harvard

Blanchard K. H., Peale N. V., . (1988). The power of ethical management. New York: W. Morrow.

MLA

Blanchard Kenneth H, Peale Norman Vincent, . The power of ethical management. New York: W. Morrow. 1988.

  • Place hold
  • Print
  • Cite
  • Add to your cart (remove)
  • Save record
    BIBTEX Dublin Core MARCXML MARC (non-Unicode/MARC-8) MARC (Unicode/UTF-8) MARC (Unicode/UTF-8, Standard) MODS (XML) RIS
  • More searches
    Search for this title in:
    Other Libraries (WorldCat) Other Databases (Google Scholar) Online Stores (Bookfinder.com) Open Library (openlibrary.org)

Exporting to Dublin Core...

SOUTHVILLE LIBRARY

Southville International School and Colleges Library

1281 Tropical Ave. Cor. Luxembourg St., BF Homes International, Las Pinas City

Tel. No. 8256374 / 252358 Loc. 117/146

Powered by Koha